The specific environmental consequences of the sprawl of rural centers in Hungary [abstract] /

Elmentve itt :
Bibliográfiai részletek
Szerző: Vasárus Gábor
Testületi szerző: 21th Wellmann International Scientific Conference
Dokumentumtípus: Könyv része
Megjelent: Szegedi Tudományegyetem Mezőgazdasági Kar Hódmezővásárhely 2024
Sorozat:Wellmann International Scientific Conference 21
Kulcsszavak:Vidékfejlesztés - Magyarország - előadáskivonat
Tárgyszavak:
Online Access:http://acta.bibl.u-szeged.hu/89718
LEADER 00986naa a2200217 i 4500
001 acta89718
005 20260302132007.0
008 260302s2024 hu o 100 eng d
020 |a 978-963-306-980-6 
040 |a SZTE Egyetemi Kiadványok Repozitórium  |b hun 
041 |a eng 
100 1 |a Vasárus Gábor 
245 1 4 |a The specific environmental consequences of the sprawl of rural centers in Hungary   |h [elektronikus dokumentum] :  |b [abstract] /  |c  Vasárus Gábor 
260 |a Szegedi Tudományegyetem Mezőgazdasági Kar  |b Hódmezővásárhely  |c 2024 
300 |a 107 
490 0 |a Wellmann International Scientific Conference  |v 21 
650 4 |a Társadalomtudományok 
650 4 |a Társadalom- és gazdaságföldrajz 
695 |a Vidékfejlesztés - Magyarország - előadáskivonat 
711 |a 21th Wellmann International Scientific Conference  |c Hódmezővásárhely  |d 2024. április 18. 
856 4 0 |u http://acta.bibl.u-szeged.hu/89718/1/wellmann_abstracts_2024_107.pdf  |z Dokumentum-elérés